000 01543cam a22004335i 4500
001 21839737
003 NUST
005 20220825103922.0
008 201214t20202020ilua 000 0 eng d
010 _a 2020304671
020 _a1645581314
020 _a9781645581314
035 _a(OCoLC)on1141280168
038 _aAzhar
040 _aCPL
_beng
_cCPL
_erda
_dCPL
_dOCLCF
_dCD5
_dDLC
042 _alccopycat
043 _an-us---
082 _a917.304
_bFIF
245 0 0 _a50 states, 500 state parks :
_ban essential guide to America's best places to visit
_ccontributing writer, Marty Strasen.
246 3 _aFifty states, Five hundred state parks
260 _aMorton Grove, IL :
_bPublications International, Ltd.
_c2020
264 4 _c©2020
300 _a144 pages :
_bcolor illustrations ;
_c25 cm
336 _atext
_btxt
_2rdacontent
336 _astill image
_bsti
_2rdacontent
337 _aunmediated
_bn
_2rdamedia
338 _avolume
_bnc
_2rdacarrier
650 0 _aParks
_zUnited States
_vPictorial works.
_994815
650 0 _aParks
_zUnited States.
_994816
650 7 _aParks.
_2fast
_0(OCoLC)fst01053705
_933616
651 7 _aUnited States.
_2fast
_0(OCoLC)fst01204155
655 7 _aIllustrated works.
_2fast
_0(OCoLC)fst01423873
_994792
655 7 _aPictorial works.
_2fast
_0(OCoLC)fst01423874
_981105
655 7 _aIllustrated works.
_2lcgft
_994792
700 1 _aStrasen, Marty,
_eauthor.
_994817
906 _a0
_bibc
_ccopycat
_d2
_encip
_f20
_gy-gencatlg
942 _2ddc
_cLC
999 _c590566
_d590566